| 000 | 00976cam a22002535a 4500 | ||
|---|---|---|---|
| 999 |
_c12535 _d12535 |
||
| 003 | EG-ScBUE | ||
| 005 | 20201124142019.0 | ||
| 008 | 090804s2004 au f b 000 0 ara d | ||
| 020 | _a9772004186 | ||
| 040 |
_aEG-ScBUE _bara _erda _cEG-ScBUE _dEG-ScBUE |
||
| 082 | 0 | 4 |
_a401 _bإ ب ر _222 |
| 100 | 1 |
_aإبراهيم، مجدي إبراهيم محمد، _eمؤلف. |
|
| 245 | 1 | 0 |
_aبحوث ودراسات في علم اللغة : _b/ الصرف - المعاجم - الدلالة _cالدكتور مجدي إبراهيم محمد إبراهيم. |
| 264 | 1 |
_aالقاهرة : _bمكتبة النهضة المصرية، _c[2004] |
|
| 300 |
_a304 صفحة ؛ _c20 سم |
||
| 336 |
_2rdacontent _aنص _btxt |
||
| 337 |
_2rdamedia _aبدون وسيط _bn |
||
| 338 |
_2rdacarrier _aمجلد _bnc |
||
| 504 | _aيشتمل على إرجاعات ببليوجرافية. | ||
| 590 | _aبسنت | ||
| 653 |
_bARALIT _cDecember2019 |
||
| 655 |
_vReading book _934232 |
||
| 942 |
_2ddc _cBB |
||